Estrutura, Análise e Interpretação de Balanços (Record no. 130793)

MARC details
000 -LÍDER
campo de controle de tamanho fixo 00853 a2200193 4500
001 - NÚMERO DE CONTROLE
campo de controle 130793
020 ## - ISBN - INTERNATIONAL STANDARD BOOK NUMBER
ISBN - International Standard Book Number 85-224-0415-1
040 ## - FONTE DA CATALOGAÇÃO
Instituição que transcreveu o registro Leonardo Da Vinci
041 ## - CÓDIGO DE IDIOMA
Código do idioma do texto/trilha sonora ou título diferente Português
082 ## - CDD - CLASSIFICAÇÃO DECIMAL DE DEWEY
Número de Classificação 657 F895e
Número do exemplar F895e
100 ## - ENTRADA PRINCIPAL--NOME PESSOAL
Nome pessoal FRANCO, Hilário
245 ## - TÍTULO
Título Estrutura, Análise e Interpretação de Balanços
Restante do título de acordo com a Lei das S.A. (Lei nº 6.404, de 15/12/1976)
250 ## - EDIÇÃO
Edição 15.ed
260 ## - PUBLICAÇÃO, DISTRIBUIÇÃO, ETC.
Nome do editor, distribuidor, etc. Atlas
Data da publicação, distribuição, etc. 1992
Local de publicação, distribuição, etc. São Paulo
300 ## - DESCRIÇÃO FÍSICA
Extensão 342
362 ## - DATAS DE PUBLICAÇÃO E/OU DESIGNAÇÃO SEQUENCIAL
Datas de publicação e/ou designação sequencial 19920000
697 ## - ENTRADA DE ASSUNTO LOCAL--ENTIDADE COLETIVA (RLIN)
Nome corporativo ou nome da jurisdição Contabilidade Comercial
-- Empresa comercial
-- Balanço financeiro
-- Sociedade Anônima
-- Patrimônio
-- Demonstração contábil
-- Balanço patrimonial
-- Fenômeno patrimonial
-- Coeficiente patrimonial
-- Coeficiente analítico
-- Coeficiente sintético
-- Coeficiente comparativo
-- Conjunto patrimonial
-- Quocientes
-- Fenômeno estático
-- Avaliação
-- Ações
-- FIPEN
942 ## - ELEMENTOS DE ENTRADA ADICIONADOS (KOHA)
Tipo de material Koha Livros
Holdings
Situação do descarte Situação das perdas Situação física Não pode ser emprestado Biblioteca de origem Biblioteca atual Data de aquisição Total de empréstimos Número de chamada completo Código de barras Data de último acesso Data do preço efetivo Tipo de material Koha
        Leonardo Da Vinci - Osasco Leonardo Da Vinci - Osasco 27/03/2024   657 F895e O000177 27/03/2024 27/03/2024 Livros